| 000 | 00424 a2200133 4500 | ||
|---|---|---|---|
| 001 | 91341 | ||
| 082 | _aPR 1253 | ||
| 090 |
_c43459 _d43458 |
||
| 100 | _aSultan Malik; | ||
| 245 |
_aTo write a computer code which converts digital to analog signal to operate a torque motor controling 10-Ton Universal Testing Machine _n46 "A" EC |
||
| 260 |
_aKarachi _bNED University _c1997 |
||
| 300 | _a35p | ||
| 500 | _aBE Project Reports | ||
| 942 |
_aCAE NUST _kPR 1253 |
||
| 999 |
_c326414 _d326414 |
||